000 00552nam a2200193 i 4500
001 59590
003 ES-MaACL
005 20230906164048.0
007 t|
008 031029s1970 sp ||||1| spa d
100 1 _aElsner, Gisela.
_947101
245 1 3 _aEl retoño /
_cGisela Elsner ; [traducción de E.E. Keil y J. Oleza].
250 _a[1ª ed.].
260 _a[Barcelona] :
_bSeix Barral,
_c[1970]
300 _a200 p. ;
_c20 cm.
700 0 _aKeil, Ernest-Edmund.
_967729
700 1 _aOleza, J.
_986706
852 _aES-MaACL
_jC-39907
_bR.74268
999 _c59590
_d59590